000 01073nam a22003257a 4500
003 CHAP
005 20220329135808.0
008 971013s1958 r 00010 d
010 _a42319
011 _a43291
035 _a47427
040 _cCHAP
090 _aFolleto 3491
100 0 0 _aFranco, Coarcy M.
_942988
245 _aInfluencia da temperature no crescimento do caffeiro; com referencia especial a temperatura das raizes
260 _aNew York :
_bIBEC Research Institute,
_c1958
300 _a27 p.
_b: ilus. ; gráfs.
490 _aBulletin
_v; 16
590 _aBATCH-UPD
_b10
_c20130110
_lUCH01
_h0853
590 _aBATCH-UPD
_b10
_c20130410
_lUCH01
_h0525
590 _aBATCH-UPD
_b10
_c20130914
_lUCH01
_h0755
590 _aCONVERSION
_b10
_c20130109
_lUCH01
_h1323
650 1 4 _aCafé
_xEnfermedades.
_917136
650 1 4 _aCafé
_xFisiología y morfología.
_917146
650 1 4 _aTemperatura
_xEfecto en café.
_9112185
830 0 _aBulletin
_v; 16
_916039
901 _aBK
942 _cFOLL
949 _aFolleto 3491
_bBC
_cFOLL
_d-107766
_eTS1
_i47427
_mD
_si
999 _c42319
_d42319